Production Management and Sustainability

Udržateľnosť v riadení výroby zahŕňa zavádzanie a zlepšovanie ekonomických, sociálnych a environmentálnych faktorov do prevádzky podnikov. Zo sociálneho hľadiska zahŕňa posilnenie postavenia komunity, ako aj spravodlivé zamestnávanie. Z environmentálneho hľadiska budú medzi hlavné výhody patriť zníž...

Description complète

Enregistré dans:
Détails bibliographiques
Auteur principal: Boorová, Brigita, 1979-
Format: Chapitre de livre
Langue:anglais
Sujets:
Tags: Ajouter un tag
Pas de tags, Soyez le premier à ajouter un tag!

MARC

LEADER 00000naa$a2200000$$$4500
001 0311420
005 20250708115621.0
041 0 |a eng 
044 |a SK 
245 1 0 |a Production Management and Sustainability  |c Brigita Boorová 
520 |a Udržateľnosť v riadení výroby zahŕňa zavádzanie a zlepšovanie ekonomických, sociálnych a environmentálnych faktorov do prevádzky podnikov. Zo sociálneho hľadiska zahŕňa posilnenie postavenia komunity, ako aj spravodlivé zamestnávanie. Z environmentálneho hľadiska budú medzi hlavné výhody patriť zníženie znečistenia, minimalizácia odpadu a ochrana zdrojov. V ekonomickom zmysle udržateľnosť znamená, že spoločnosti musia mať neustále ziskové marže, pretože uspokojujú potreby súčasnej a budúcich generácií. 
610 2 0 |a udržateľnosť 
610 2 0 |a výroba 
610 2 0 |a riadenie 
610 2 0 |a environmentalistika 
610 2 0 |a zamestnanosť 
100 1 |a Boorová, Brigita, 1979-